| 000 | 00604nam a2200193 a 4500 | ||
|---|---|---|---|
| 005 | 20230318063610.0 | ||
| 008 | 991125s1972 mx 000 0 spa u | ||
| 035 | _aUPN01000008916 | ||
| 049 | _aCG | ||
| 050 | 4 |
_aHM251 _bE4.38 |
|
| 100 | 1 |
_aElliott, Grace Loucks, _d1891- |
|
| 245 | 1 | 0 |
_aCómo ayudar a los grupos a tomar decisiones / _cGrace L. Elliott ; tr. René Cárdenas Barrios. |
| 260 |
_aMéxico : _bDiana, _c1972. |
||
| 300 | _a79 p. | ||
| 440 | 0 |
_aBiblioteca para el director de grupos ; _v10 |
|
| 650 | 4 |
_aASISTENCIA SOCIAL DE GRUPO _95655 |
|
| 650 | 2 |
_aGrupos sociales _97125 |
|
| 905 | _aLibro | ||
| 999 |
_c8916 _d8916 |
||